Statistics for Name the Mathematician

Click here to take the quiz!

General Stats

  • This quiz has been taken 47 times
  • The average score is 12 of 20

Answer Stats

HintAnswer% Correct
Inventor of calculusIsaac Newton / Gottfried Leibniz
100%
a² = b² + c²Pythagoras
97%
The 'father of geometry ' and author of 'Elements'Euclid
91%
The transcendental number 2.71828... is named after this mathematicianLeonhard Euler
91%
The proof of his last theorem did not fit in the marginPierre de Fermat
81%
The triangle bearing his name facilitates the determination of binomial coefficientsBlaise Pascal
69%
Over 100 topics in mathematics are named after this German mathematician within number theory, geometry, analysis, algebra and statisticsCarl Gauss
66%
Protagonist of 2015 film 'The Man who Knew Infinity' who made major contributions to mathematics despite limited formal trainingSrinivasa Ramanujan
66%
His hypothesis is considered one of the most important unsolved problems in mathematics and implies results about the distribution of prime numbersBernhard Riemann
56%
Irish mathematician who reformulated Newtonian mechanics and invented quaternionsWilliam Rowan Hamilton
53%
As a result of his theory, it was found that a general formula for the solution of quintic equations cannot be foundÉvariste Galois
50%
A discrete probability distribution with its mean equal to its standard deviation bears his nameDenis Poisson
47%
Discovered logarithmsJohn Napier
47%
A founder of calculus of variations, also reformulated Newtonian mechanicsJoseph-Louis Lagrange
47%
Groups with a commutative operation are named after this mathematicianNiels Henrik Abel
47%
2006 Fields Medal winner for his contributions to partial differential equations, combinatorics, harmonic analysis and additive number theoryTerence Tao
38%
Her first theorem concerns the derivation of conserved quantities from symmetries of a systemEmmy Noether
31%
The 'father of information theory'Claude Shannon
28%
Discovered a pattern of tiles which could cover an infinite plane without ever repeating, and now bears his nameRoger Penrose
28%
Prime numbers p such that 2p+1 is also prime are named after this mathematicianSophie Germain
19%

Score Distribution

Percentile by Number Answered

Percent of People with Each Score

Your Score History

You have not taken this quiz